Stav v odvádzaní a čistení komunálnych a odpadových vôd v SR
Rámcové hodnotenie stavu odvádzania a čistenia odpadových vôd a budovania kanalizácie na území Slovenska.
Salvato in:
| Autore principale: | |
|---|---|
| Altri autori: | , , , , , , , |
| Natura: | Capitolo di libro |
| Lingua: | slovacco |
| Soggetti: | |
| Tags: |
Nessun Tag, puoi essere il primo ad aggiungerne!!
|
MARC
| LEADER | 00000naa a2200000 4500 | ||
|---|---|---|---|
| 001 | 0241666 | ||
| 005 | 20221104113007.9 | ||
| 041 | 0 | |a slo | |
| 044 | |a SK | ||
| 245 | 1 | 0 | |a Stav v odvádzaní a čistení komunálnych a odpadových vôd v SR |c Peter Belica, Dagmar Drahovská, Katarína Kozáková, Mária Mihalíkova, Martin Kohút, Tomáš Balko, Lenka Sumegová, Ivana Balážová Pijáková, Milota Kralčáková, Mária Mihalíkova |
| 520 | |a Rámcové hodnotenie stavu odvádzania a čistenia odpadových vôd a budovania kanalizácie na území Slovenska. | ||
| 610 | 2 | 0 | |a kanalizácia |
| 610 | 2 | 0 | |a Slovensko |
| 610 | 2 | 0 | |a odpad komunálny |
| 610 | 2 | 0 | |a voda odpadová |
| 100 | 1 | |a Belica, Peter | |
| 700 | 1 | |a Drahovská, Dagmar | |
| 700 | 1 | |a Kozáková, Katarína | |
| 700 | 1 | |a Mihalíkova, Mária | |
| 700 | 1 | |a Kohút, Martin | |
| 700 | 1 | |a Balko, Tomáš | |
| 700 | 1 | |a Sumegová, Lenka | |
| 700 | 1 | |a Balážová Pijáková, Ivana | |
| 700 | 1 | |a Kralčáková, Milota | |
| 700 | 1 | |a Mihalíkova, Mária | |